Haiti-visa - Statistics

Yleistilastot
  • Tätä visaa on pelattu 260 kertaa
  • Keskiarvotulos 10 / 20
Vastaustilastot
Vihje Vastaus % Oikein
Haitin naapurimaa Dominikaaninen tasavalta
96%
Meri, jossa Haiti sijaitsee Karibianmeri
94%
Viralliset kielet Ranska
89%
Valtio, joka miehitti Haitia vuosina 1915–1934 Yhdysvallat
85%
Pääkaupunki Port-au-Prince
84%
Vuoden 2010 tuhoisa luonnonkatastrofi Maanjäristys
81%
Saari kuuluu tähän saariryhmään Isot {Antillit}
78%
Viralliset kielet Haitin {kreoli}
75%
Saari, jonka ne jakavat Hispaniola
74%
Afrikkalainen uskonto, joka yhdistyi osin katolisuuteen Voodoo
66%
La Navidadin, eli ensimmäisen eurooppalaisen siirtokunnan perustaja Kristoffer Kolumbus
41%
Haitin diktaattoreina toimineet isä ja poika François Duvalier
36%
Haitin diktaattoreina toimineet isä ja poika Jean-Claude Duvalier
29%
Saari, joka oli aiemmin merirosvojen suojasatama Tortuga
24%
Valuutta Gourde
23%
Entinen "The Fugeesin" laulaja, joka pyrki presidentiksi vuonna 2010 Wyclef Jean
17%
Haitin ensimmäinen demokraattisesti valittu presidentti, astui virkaan vuonna 1991 Jean-Bertrand Aristide
14%
Toiseksi suurin kaupunki Cap-Haïtien
13%
Haitin vallankumouksen johtaja Toussaint L’Ouverture
13%
Haitin siirtomaa-aikainen nimi Saint-Domingue
11%
Ehtoja vastaavia visoja ei löytynyt
Tulosjakauma
Jokaisen tuloksen saaneiden osuus
Persentiili vastausten määrän mukaan
Tuloshistoriasi
Et ole pelannut tätä visaa